Justice and legitimacy in upbringing : book review /
Đã lưu trong:
| 主要作者: | |
|---|---|
| 格式: | Bài viết |
| 語言: | English |
| 主題: | |
| 標簽: |
添加標簽
沒有標簽, 成為第一個標記此記錄!
|
| Thư viện lưu trữ: | Thư viện Trường Đại học Đà Lạt |
|---|
| LEADER | 00770nam a2200265 4500 | ||
|---|---|---|---|
| 001 | DLU090067751 | ||
| 005 | ##20090504 | ||
| 040 | # | # | |a DLU |b eng |
| 041 | # | # | |a eng |
| 044 | # | # | |a US |
| 100 | # | # | |a Archard, David. |
| 245 | # | # | |a Justice and legitimacy in upbringing : |b book review / |c David Archard. |
| 653 | # | # | |a Autonomy |
| 653 | # | # | |a Interpersonal conflict |
| 653 | # | # | |a Parental influence |
| 773 | # | # | |t Theory and Research in Education |g Vol. 5, no. 3 (November 2007), p. 379-381 |
| 920 | # | # | |a Phòng Tạp chí -- Trung tâm Thông tin - Thư viện Trường Đại học Đà Lạt |
| 994 | # | # | |a DLU |
| 900 | # | # | |a True |
| 911 | # | # | |a Trương Bảo Trâm Anh |
| 925 | # | # | |a G |
| 926 | # | # | |a A |
| 927 | # | # | |a BB |
| 980 | # | # | |a Thư viện Trường Đại học Đà Lạt |